Riadenie a koordinácia autonómnych vozidiel v platooning režime

Gespeichert in:
Bibliographische Detailangaben
1. Verfasser: Tomčala, Adam (Verfasst von)
Weitere Verfasser: Bencel, Rastislav (Betreuung Doktorarbeit)
Format: Manuskript Buch
Sprache:Slowakisch
Veröffentlicht: 2025
Schlagworte:
Online-Zugang:http://is.stuba.sk/zp/portal_zp.pl?podrobnosti=183621
Tags: Tag hinzufügen
Keine Tags, Fügen Sie das erste Tag hinzu!

MARC

LEADER 00000ntm a22000003a 4500
001 stuzp105863
003 SK-STU
005 20250607211853.4
007 ta
008 150427s2015----xo-----f-mn---000-0-slo-d
040 |a STU  |b slo 
041 0 |a slo 
100 1 |a Tomčala, Adam  |u 070400  |4 aut  |U FIIT Fakulta informatiky a informačných technológií  |T FIIT Ústav počítačového inžinierstva a aplikovanej informatiky  |X 103164  |U I400  |Y 672  |7 103164 
242 0 1 |a Control and coordination of autonomous vehicles in platooning mode  |y eng 
245 1 0 |a Riadenie a koordinácia autonómnych vozidiel v platooning režime 
260 |c 2025 
650 4 |a MPC controller  |2 eng 
650 4 |a autonomous transportation  |2 eng 
650 4 |a MEC infrastructure  |2 eng 
650 4 |a platooning  |2 eng 
650 4 |a cooperative control  |2 eng 
650 4 |a MPC regulátor  |2 slo 
650 4 |a MEC infraštruktúra  |2 slo 
650 4 |a platooning  |2 slo 
650 4 |a kooperatívne riadenie  |2 slo 
650 4 |a autonómna doprava  |2 slo 
700 1 |a Bencel, Rastislav  |u 070400  |k Z1  |4 ths  |U FIIT Fakulta informatiky a informačných technológií  |T FIIT Ústav počítačového inžinierstva a aplikovanej informatiky  |X 64492  |U I400  |Y 672  |7 64492 
856 4 |u http://is.stuba.sk/zp/portal_zp.pl?podrobnosti=183621